[Event "DEM U16w 2024"]
[Site "Willingen GER"]
[Date "2024.05.20"]
[Round "3"]
[White "Breja, Eva"]
[Black "Neumann, Helena"]
[Result "0-1"]
[Termination "normal"]
[Board "13"]
[WhiteElo "1390"]
[BlackElo "1836"]
[WhiteClock "00:51:42"]
[BlackClock "01:06:02"]
[PlyCount "42"]
[WhiteFideId "34639632"]
[BlackFideId "16275365"]
[EventCountry "GER"]
[EventRounds "9"]
[EventType "swiss"]
[EventDate "2024.05.18"]

1. e4 {[%clk 01:30:57]} {[%emt 00:00:03]} c6 {[%clk 01:30:56]} {[%emt
00:00:04]} 2. c4 {[%clk 01:31:11]} {[%emt 00:00:16]} d5 {[%clk 01:31:20]}
{[%emt 00:00:06]} 3. cxd5 {[%clk 01:31:14]} {[%emt 00:00:26]} cxd5 {[%clk
01:31:47]} {[%emt 00:00:04]} 4. exd5 {[%clk 01:31:19]} {[%emt 00:00:24]} Nf6
{[%clk 01:32:14]} {[%emt 00:00:04]} 5. Nc3 {[%clk 01:30:28]} {[%emt 00:01:20]}
Nxd5 {[%clk 01:31:31]} {[%emt 00:01:14]} 6. Qa4+ {[%clk 01:27:13]} {[%emt
00:03:45]} Bd7 {[%clk 01:26:57]} {[%emt 00:05:04]} 7. Bb5 {[%clk 01:25:34]}
{[%emt 00:02:09]} Nb6 {[%clk 01:27:15]} {[%emt 00:00:12]} 8. Bxd7+ {[%clk
01:12:18]} {[%emt 00:13:46]} N8xd7 {[%clk 01:26:56]} {[%emt 00:00:49]} 9. Qe4
{[%clk 01:09:38]} {[%emt 00:03:09]} Nc5 {[%clk 01:24:05]} {[%emt 00:03:21]} 10.
Qe3 {[%clk 01:08:04]} {[%emt 00:02:04]} Nd3+ {[%clk 01:17:00]} {[%emt
00:07:35]} 11. Kd1 {[%clk 01:07:54]} {[%emt 00:00:41]} e6 {[%clk 01:16:11]}
{[%emt 00:01:19]} 12. Nh3 {[%clk 01:03:11]} {[%emt 00:05:11]} Bc5 {[%clk
01:13:52]} {[%emt 00:02:51]} 13. Qf3 {[%clk 01:02:55]} {[%emt 00:00:40]} Qd7
{[%clk 01:09:43]} {[%emt 00:04:44]} 14. Ne4 {[%clk 00:54:44]} {[%emt 00:08:41]}
Rc8 {[%clk 01:04:42]} {[%emt 00:05:32]} 15. Qg3 {[%clk 00:54:01]} {[%emt
00:01:12]} Qa4+ {[%clk 01:04:40]} {[%emt 00:00:33]} 16. b3 {[%clk 00:53:42]}
{[%emt 00:00:49]} Qxe4 {[%clk 01:05:01]} {[%emt 00:00:08]} 17. Qxg7 {[%clk
00:53:18]} {[%emt 00:00:54]} Bd4 {[%clk 01:05:20]} {[%emt 00:00:11]} 18. Qg5
{[%clk 00:52:17]} {[%emt 00:01:16]} Bxa1 {[%clk 01:05:25]} {[%emt 00:00:41]}
19. Ba3 {[%clk 00:52:20]} {[%emt 00:00:27]} Nb2+ {[%clk 01:05:17]} {[%emt
00:00:37]} 20. Bxb2 {[%clk 00:52:20]} {[%emt 00:00:31]} Bxb2 {[%clk 01:05:42]}
{[%emt 00:00:05]} 21. Re1 {[%clk 00:51:42]} {[%emt 00:01:07]} Rc1# {[%clk
01:06:02]} {[%emt 00:00:10]} 0-1

[Event "DEM U16w 2024"]
[Site "Willingen GER"]
[Date "2024.05.20"]
[Round "3"]
[White "Loos, Tilda"]
[Black "Lorenz, Rebecca"]
[Result "1-0"]
[Termination "normal"]
[Board "14"]
[WhiteElo "1667"]
[BlackElo "1460"]
[WhiteClock "01:26:32"]
[BlackClock "00:19:59"]
[PlyCount "117"]
[WhiteFideId "34620559"]
[BlackFideId "34610944"]
[EventCountry "GER"]
[EventRounds "9"]
[EventType "swiss"]
[EventDate "2024.05.18"]

1. e4 {[%clk 01:30:59]} e5 {[%clk 01:30:53]} {[%emt 00:00:07]} 2. Nf3 {[%clk
01:31:26]} {[%emt 00:00:03]} Nc6 {[%clk 01:31:17]} {[%emt 00:00:07]} 3. Bc4
{[%clk 01:31:52]} {[%emt 00:00:04]} Bc5 {[%clk 01:31:33]} {[%emt 00:00:13]} 4.
c3 {[%clk 01:32:18]} {[%emt 00:00:05]} Nf6 {[%clk 01:31:19]} {[%emt 00:00:44]}
5. d4 {[%clk 01:32:43]} {[%emt 00:00:04]} exd4 {[%clk 01:29:39]} {[%emt
00:02:09]} 6. cxd4 {[%clk 01:33:12]} {[%emt 00:00:01]} Bb4+ {[%clk 01:26:33]}
{[%emt 00:03:37]} 7. Bd2 {[%clk 01:33:37]} {[%emt 00:00:06]} Nxe4 {[%clk
01:23:59]} {[%emt 00:03:03]} 8. Bxb4 {[%clk 01:33:54]} {[%emt 00:00:13]} Nxb4
{[%clk 01:23:36]} {[%emt 00:00:53]} 9. Bxf7+ {[%clk 01:34:14]} {[%emt
00:00:10]} Kxf7 {[%clk 01:19:41]} {[%emt 00:04:24]} 10. Qb3+ {[%clk 01:34:40]}
{[%emt 00:00:04]} Ke8 {[%clk 01:16:23]} {[%emt 00:03:47]} 11. Qxb4 {[%clk
01:34:56]} {[%emt 00:00:14]} d6 {[%clk 01:14:01]} {[%emt 00:02:52]} 12. O-O
{[%clk 01:33:45]} {[%emt 00:01:42]} Ng5 {[%clk 01:07:07]} {[%emt 00:07:23]} 13.
Qb5+ {[%clk 01:31:53]} {[%emt 00:02:23]} Bd7 {[%clk 01:01:49]} {[%emt
00:05:48]} 14. Qxg5 {[%clk 01:32:12]} {[%emt 00:00:10]} Qxg5 {[%clk 01:01:27]}
{[%emt 00:00:52]} 15. Nxg5 {[%clk 01:32:37]} {[%emt 00:00:05]} Kf8 {[%clk
00:59:29]} {[%emt 00:02:28]} 16. Nc3 {[%clk 01:32:37]} {[%emt 00:00:30]} h6
{[%clk 00:58:24]} {[%emt 00:01:35]} 17. Nf3 {[%clk 01:31:27]} {[%emt 00:01:41]}
g5 {[%clk 00:55:25]} {[%emt 00:03:28]} 18. Rfe1 {[%clk 01:31:06]} {[%emt
00:00:51]} g4 {[%clk 00:53:27]} {[%emt 00:02:27]} 19. Nh4 {[%clk 01:30:48]}
{[%emt 00:00:49]} Rg8 {[%clk 00:53:29]} {[%emt 00:00:28]} 20. Nd5 {[%clk
01:30:28]} {[%emt 00:00:49]} c6 {[%clk 00:50:24]} {[%emt 00:03:35]} 21. Nf6
{[%clk 01:30:37]} {[%emt 00:00:21]} Rg7 {[%clk 00:47:36]} {[%emt 00:03:18]} 22.
Nxd7+ {[%clk 01:30:34]} {[%emt 00:00:33]} Rxd7 {[%clk 00:45:48]} {[%emt
00:02:18]} 23. Re6 {[%clk 01:29:58]} {[%emt 00:01:05]} Re8 {[%clk 00:40:26]}
{[%emt 00:05:52]} 24. Rxh6 {[%clk 01:29:44]} {[%emt 00:00:45]} Kf7 {[%clk
00:37:41]} {[%emt 00:03:13]} 25. Rh7+ {[%clk 01:28:19]} {[%emt 00:01:57]} Ke6
{[%clk 00:34:14]} {[%emt 00:03:57]} 26. Rxd7 {[%clk 01:28:32]} {[%emt
00:00:18]} Kxd7 {[%clk 00:34:14]} {[%emt 00:00:29]} 27. Nf5 {[%clk 01:28:47]}
{[%emt 00:00:15]} c5 {[%clk 00:32:29]} {[%emt 00:02:15]} 28. dxc5 {[%clk
01:28:56]} {[%emt 00:00:22]} dxc5 {[%clk 00:31:39]} {[%emt 00:01:20]} 29. Rd1+
{[%clk 01:29:18]} {[%emt 00:00:07]} Kc7 {[%clk 00:29:58]} {[%emt 00:02:10]} 30.
Ne3 {[%clk 01:29:21]} {[%emt 00:00:29]} g3 {[%clk 00:29:11]} {[%emt 00:01:17]}
31. hxg3 {[%clk 01:29:31]} {[%emt 00:00:20]} b5 {[%clk 00:28:01]} {[%emt
00:01:41]} 32. Nd5+ {[%clk 01:29:25]} {[%emt 00:00:35]} Kc6 {[%clk 00:26:50]}
{[%emt 00:01:42]} 33. Nc3 {[%clk 01:29:05]} {[%emt 00:00:50]} b4 {[%clk
00:25:46]} {[%emt 00:01:34]} 34. Na4 {[%clk 01:28:11]} {[%emt 00:01:24]} c4
{[%clk 00:24:47]} {[%emt 00:01:30]} 35. Rc1 {[%clk 01:28:27]} {[%emt 00:00:14]}
Kb5 {[%clk 00:24:07]} 36. b3 {[%clk 01:28:10]} {[%emt 00:01:57]} cxb3 {[%clk
00:23:13]} 37. axb3 {[%clk 01:28:10]} Rd8 {[%clk 00:23:13]} 38. Rc7 {[%clk
01:27:32]} {[%emt 00:04:27]} a5 {[%clk 00:21:47]} 39. Rc5+ {[%clk 01:26:11]}
{[%emt 00:02:52]} Ka6 {[%clk 00:21:42]} {[%emt 00:00:36]} 40. Rc6+ {[%clk
01:26:32]} {[%emt 00:00:08]} Kb7 {[%clk 00:19:59]} 41. Rc2 {[%clk 01:26:32]}
Rd1+ {[%clk 00:19:59]} 42. Kh2 {[%clk 01:26:32]} Rb1 {[%clk 00:19:59]} 43. f4
{[%clk 01:26:32]} Rxb3 {[%clk 00:19:59]} 44. Nc5+ {[%clk 01:26:32]} Kb6 {[%clk
00:19:59]} 45. Nxb3 {[%clk 01:26:32]} a4 {[%clk 00:19:59]} 46. f5 {[%clk
01:26:32]} Kb5 {[%clk 00:19:59]} 47. Nd4+ {[%clk 01:26:32]} Ka5 {[%clk
00:19:59]} 48. f6 {[%clk 01:26:32]} b3 {[%clk 00:19:59]} 49. Rc5+ {[%clk
01:26:32]} Kb4 {[%clk 00:19:59]} 50. Rb5+ {[%clk 01:26:32]} Kc4 {[%clk
00:19:59]} 51. f7 {[%clk 01:26:32]} Kxd4 {[%clk 00:19:59]} 52. f8=Q {[%clk
01:26:32]} Kd3 {[%clk 00:19:59]} 53. Qc8 {[%clk 01:26:32]} Kd4 {[%clk
00:19:59]} 54. Rb7 {[%clk 01:26:32]} Kd5 {[%clk 00:19:59]} 55. Rd7+ {[%clk
01:26:32]} Ke6 {[%clk 00:19:59]} 56. Qe8+ {[%clk 01:26:32]} Kf6 {[%clk
00:19:59]} 57. Rf7+ {[%clk 01:26:32]} Kg6 {[%clk 00:19:59]} 58. Qg8+ {[%clk
01:26:32]} Kh6 {[%clk 00:19:59]} 59. Rh7# {[%clk 01:26:32]} 1-0

[Event "DEM U16w 2024"]
[Site "Willingen GER"]
[Date "2024.05.20"]
[Round "3"]
[White "Rabe, Elina"]
[Black "Heuberger, Sandra"]
[Result "1/2-1/2"]
[Termination "normal"]
[Board "15"]
[WhiteElo "1551"]
[BlackElo "1555"]
[WhiteClock "00:58:43"]
[BlackClock "00:56:38"]
[PlyCount "49"]
[WhiteFideId "34623531"]
[BlackFideId "16232151"]
[EventCountry "GER"]
[EventRounds "9"]
[EventType "swiss"]
[EventDate "2024.05.18"]

1. c4 {[%clk 01:30:59]} e5 {[%clk 01:30:26]} {[%emt 00:00:35]} 2. g3 {[%clk
01:31:27]} {[%emt 00:00:02]} Nf6 {[%clk 01:30:08]} {[%emt 00:00:48]} 3. Bg2
{[%clk 01:31:49]} {[%emt 00:00:08]} Be7 {[%clk 01:29:42]} {[%emt 00:00:56]} 4.
Nc3 {[%clk 01:32:07]} {[%emt 00:00:12]} O-O {[%clk 01:29:31]} {[%emt 00:00:41]}
5. Nf3 {[%clk 01:32:14]} {[%emt 00:00:23]} Nc6 {[%clk 01:29:15]} {[%emt
00:00:46]} 6. O-O {[%clk 01:32:31]} {[%emt 00:00:13]} d6 {[%clk 01:28:42]}
{[%emt 00:01:04]} 7. d3 {[%clk 01:31:37]} {[%emt 00:01:23]} Bg4 {[%clk
01:27:18]} {[%emt 00:01:54]} 8. Be3 {[%clk 01:30:27]} {[%emt 00:01:40]} Qd7
{[%clk 01:25:12]} {[%emt 00:02:36]} 9. Rb1 {[%clk 01:27:24]} {[%emt 00:03:34]}
Bh3 {[%clk 01:23:52]} {[%emt 00:01:51]} 10. b4 {[%clk 01:25:09]} {[%emt
00:02:44]} Bxg2 {[%clk 01:22:22]} {[%emt 00:02:00]} 11. Kxg2 {[%clk 01:25:36]}
{[%emt 00:00:02]} d5 {[%clk 01:16:25]} {[%emt 00:06:28]} 12. cxd5 {[%clk
01:16:53]} {[%emt 00:09:13]} Nxd5 {[%clk 01:15:49]} {[%emt 00:01:06]} 13. Nxd5
{[%clk 01:15:56]} {[%emt 00:01:26]} Qxd5 {[%clk 01:16:00]} {[%emt 00:00:19]}
14. a3 {[%clk 01:15:18]} {[%emt 00:01:08]} Nd4 {[%clk 01:11:55]} 15. Bxd4
{[%clk 01:13:21]} {[%emt 00:07:03]} exd4 {[%emt 00:00:43]} 16. Qb3 {[%clk
01:13:20]} Rfd8 {[%clk 01:10:20]} {[%emt 00:02:22]} 17. Qxd5 {[%clk 01:12:14]}
{[%emt 00:01:37]} Rxd5 {[%clk 01:10:37]} {[%emt 00:00:14]} 18. Rfc1 {[%clk
01:12:32]} {[%emt 00:00:11]} Rc8 {[%clk 01:06:16]} {[%emt 00:04:52]} 19. Rc4
{[%clk 01:09:54]} {[%emt 00:03:07]} Bf6 {[%clk 01:03:44]} {[%emt 00:03:03]} 20.
Rbc1 {[%clk 01:05:55]} {[%emt 00:04:29]} c6 {[%clk 01:02:13]} {[%emt 00:02:01]}
21. Nd2 {[%clk 01:02:59]} {[%emt 00:03:26]} Re8 {[%clk 00:59:49]} {[%emt
00:02:54]} 22. Ne4 {[%clk 01:01:18]} {[%emt 00:02:11]} Bd8 {[%clk 00:58:47]}
{[%emt 00:01:32]} 23. Kf1 {[%clk 01:00:09]} {[%emt 00:01:39]} f5 {[%clk
00:57:52]} {[%emt 00:01:25]} 24. Nc5 {[%clk 01:00:00]} {[%emt 00:00:38]} Re7
{[%clk 00:56:38]} {[%emt 00:01:46]} 25. Nb3 {[%clk 00:58:43]} {[%emt 00:01:46]}
1/2-1/2